Zdobywcy maksymalnych breaków w snookerze - Statystyki

Ogólne statystyki
  • Ten quiz został rozwiązany 139 razy
  • Średni wynik to 23 z 72
Statystyki odpowiedzi
Liczba maksów Kiedy wbite? Narodowość Zawodnik % Poprawnych
15 1997, 2x1999, 2000, 2001, 2003, 2x2007, 2008, 2010, 2011, 2x2014, 2x2018 Anglia Ronnie O'Sullivan
97%
9 2x 2000, 2x2003, 2004, 2x2012, 2016, 2018 Szkocja John Higgins
90%
4 2013, 2015, 2017, 2018 Anglia Judd Trump
87%
4 2010, 2013, 2015, 2019 Australia Neil Robertson
87%
6 2007, 2008, 2x2011, 2013, 2016 Chiny Ding Junhui
85%
11 1992, 2x1995, 1997, 1998, 2x1999, 2001, 2009, 2010, 2012 Szkocja Stephen Hendry
81%
4 2000, 2012, 2x2015 Hongkong Marco Fu
79%
3 2009, 2013, 2018 Anglia Mark Selby
79%
2 2005, 2010 Walia Mark J. Williams
77%
1 2016 Irlandia Pln. Mark Allen
67%
5 2001, 3x2014, 2016 Anglia Shaun Murphy
65%
3 2000, 2008, 2016 Szkocja Stephen Maguire
63%
6 1999, 2005, 2012, 2018, 2x2019 Anglia Stuart Bingham
61%
2 2016, 2018 Tajlandia Thepchaiya Un-Nooh
57%
1 1992 Anglia Jimmy White
56%
1 2018 Belgia Luca Brecel
54%
2 2008, 2016 Anglia Ali Carter
53%
1 1999 Szkocja Graeme Dott
47%
1 2012 Irlandia Ken Doherty
46%
1 2012 Anglia Jack Lisowski
44%
3 2008, 2017, 2018 Chiny Liang Wenbo
43%
5 2007, 2012, 2017, 2x2019 Anglia Tom Ford
43%
3 2010, 2015, 2019 Anglia Barry Hawkins
42%
2 1991, 1992 Anglia Peter Ebdon
40%
1 1982 Anglia Steve Davis
38%
2 2015, 2019 Anglia David Gilbert
37%
3 1991, 1992, 1997 Tajlandia James Wattana
37%
1 2017 Anglia Kyren Wilson
37%
2 2013, 2017 Anglia Gary Wilson
36%
2 2010, 2012 Norwegia Kurt Maflin
35%
1 2019 Tajlandia Noppon Saengkham
30%
1 2014 Walia Ryan Day
30%
2 2x2017 Anglia Mark Davis
29%
1 2018 Cypr Michael Georgiou
25%
1 2018 Anglia Martin Gould
24%
2 2006, 2012 Anglia Robert Milkins
24%
1 2002 Malta Tony Drago
24%
1 2016 Irlandia Fergal O'Brien
23%
1 1992 Anglia John Parrott
23%
1 2011 Anglia Ricky Walden
23%
1 2019 Chiny Zhou Yuelong
21%
2 1983, 1989 Kanada Cliff Thorburn
19%
1 2018 Walia Jamie Jones
19%
1 2007 Anglia Andrew Higginson
18%
1 2011 Walia Matthew Stevens
17%
1 2014 Anglia Ben Woollaston
12%
3 2006, 2008, 2011 Anglia Jamie Cope
12%
1 2010 Anglia Rory McLeod
12%
1 2011 Anglia Mike Dunn
11%
1 2014 Indie Aditya Mehta
10%
1 2017 Chiny Cao Yupeng
10%
1 2013 Tajlandia Dechawat Poomjaeng
10%
1 1989 Szkocja John Rea
9%
1 2010 Tajlandia Thanawat Thirapongpaiboon
9%
1 1999 Anglia Barry Pinches
8%
1 1984 Kanada Kirk Stevens
8%
1 2016 Szkocja Ross Muir
8%
1 2012 Anglia Andy Hicks
7%
1 2007 Szkocja Jamie Burnett
7%
1 2016 Anglia Alfie Burden
6%
2 2004, 2011 Anglia David Gray
6%
1 2008 Szkocja Marcus Campbell
6%
1 1987 Anglia Willie Thorne
5%
1 1998 Anglia Adrian Gunnell
4%
1 1988 Anglia Tony Meo
4%
1 1988 Kanada Alain Robidoux
3%
1 1998 Cypr Mehmet Husnu
3%
2 1999, 2000 Anglia Nick Dyson
3%
1 1994 Irlandia David McDonnell
2%
1 2000 Szkocja David McLellan
2%
1 1999 Irlandia Płn. Jason Prince
2%
1 1999 Anglia Karl Burrows
2%
Nie znaleziono quizów pasujących do podanych kryteriów
Rozkład punktacji
Procent ludzi z każdym wynikiem
Percentyl według liczby udzielonych odpowiedzi
Twoja historia wyników
Nie rozwiązałeś tego quizu